Score 0/11 Timer 01:00
0 Plays Today
% Correct
Alice Nelson
89.2%
Carol Brady
88.9%
Cindy Brady
83.1%
Marcia Brady
82.9%
Mike Brady
81.8%
Greg Brady
80.5%
Jan Brady
79.3%
Peter Brady
74.5%
Sam Franklin (The Butcher)
70.9%
Bobby Brady
67.9%
Cousin Oliver
65.1%

Today's Daily Dose

Remove Ads.
Support Sporcle.
Get the best of Sporcle when you Go Orange. This ad-free experience offers more features, more stats, and more fun while also helping to support Sporcle. Thank you for becoming a member.

You're not logged in!

Compare scores with friends on all Sporcle quizzes.
OR
Log In

Show Comments

Extras

Top Quizzes Today


Score Distribution

Your Account Isn't Verified!

In order to create a playlist on Sporcle, you need to verify the email address you used during registration. Go to your Sporcle Settings to finish the process.

Report this User

Report this user for behavior that violates our Community Guidelines.

Details: